00460nam a2200193 a 4500001001300000003000900013005001700022008004100039020001000080082001300090100001400103245003600117260002900153300000900182500003500191505001000226650001600236700001400252nice12345678IN_TiNIC20260116011252.0050524s1947 lona grp 000 0 eng  ac10000a239bHOG aHogg, A G aChristian Message to the Hindu. aLondonbScm Press c1947 a104p aincludes index and biblioraphy2 aIndex aApologetics1 aHogg, A G